| Tag |
First Indicator |
Second Indicator |
Subfields |
| LEADER |
00000cam a2200000 a 4500 |
| 001 |
in00001303921 |
| 005 |
20151005071247.0 |
| 008 |
960116s1996 ncua b 000 0 eng |
| 010 |
|
|
|a 96000080
|
| 020 |
|
|
|a 0822318040 (cl : acid-free paper)
|
| 020 |
|
|
|a 0822317990 (pa : acid-free paper)
|
| 035 |
|
|
|a (OCoLC)34076882
|
| 035 |
|
|
|9 AHC3183AM
|
| 040 |
|
|
|a DLC
|c DLC
|d TXA
|d UtOrBLW
|
| 043 |
|
|
|a n-us---
|
| 049 |
|
|
|a TXAM
|
| 050 |
0 |
0 |
|a PS3556.I8135
|b A6 1996
|
| 082 |
0 |
0 |
|a 818/.5409
|2 20
|
| 100 |
1 |
|
|a Fisher, Gary,
|d 1962?-1994.
|
| 245 |
1 |
0 |
|a Gary in your pocket :
|b stories and notebooks of Gary Fisher /
|c edited with an afterword by Eve Kosofsky Sedgwick ; introduction by Don Belton.
|
| 264 |
|
1 |
|a Durham :
|b Duke University Press,
|c 1996.
|
| 300 |
|
|
|a xii, 291 pages :
|b illustrations ;
|c 24 cm.
|
| 336 |
|
|
|a text
|b txt
|2 rdacontent
|
| 337 |
|
|
|a unmediated
|b n
|2 rdamedia
|
| 338 |
|
|
|a volume
|b nc
|2 rdacarrier
|
| 490 |
1 |
|
|a Series Q
|
| 504 |
|
|
|a Includes bibliographical references (page 291).
|
| 600 |
1 |
0 |
|a Fisher, Gary,
|d 1962?-1994
|v Notebooks, sketchbooks, etc.
|
| 650 |
|
0 |
|a AIDS (Disease)
|x Patients
|v Literary collections.
|
| 650 |
|
0 |
|a Gay men
|z United States
|v Literary collections.
|
| 650 |
|
0 |
|a African American gays
|v Literary collections.
|
| 700 |
1 |
|
|a Sedgwick, Eve Kosofsky.
|
| 830 |
|
0 |
|a Series Q.
|
| 999 |
|
|
|a MARS
|
| 999 |
f |
f |
|s 0415c5d4-8597-3693-baf6-0bfd34c54cdb
|i 54d700a9-109a-3b1d-8f83-b9401b18800e
|t 0
|
| 952 |
f |
f |
|p ric
|a Texas A&M University
|b Rellis Campus
|c Joint Library Facility
|d Remote Storage
|t 0
|e PS3556.I8135 A6 1996
|h Library of Congress classification
|i unmediated -- volume
|m A14820329358
|
| 998 |
f |
f |
|a PS3556.I8135 A6 1996
|t 0
|l Remote Storage
|